000 00396 a2200157 4500
001 60107
020 _a9788590975809
040 _cAnchieta - Pituba
100 _aSILVA, Caio Rodrigo Oliveira da
240 1 0 _aGuia prático novo Enem
_lpor
245 1 0 _aGuia prático novo Enem
300 _a95
362 0 _a0
650 4 _a. Vestibulares / Exames de admissão em universidades
942 _cBK
999 _c60107
_d60107